|
|
|
|
| LEADER |
00000nab a2200000 a 4500 |
| 001 |
vtls000635313 |
| 003 |
SK-MaSNL |
| 005 |
20260305042007.0 |
| 008 |
250425c1997 xo 0 slo |
| 015 |
|
|
|a SNBRB19rr/mm-uuuuu
|
| 035 |
|
|
|a CL0635452
|
| 035 |
|
|
|a urn:nbn:sk:snk-ab3027
|
| 035 |
|
|
|a (urnnbn)urn:nbn:sk:snk:ar-a04bwz
|
| 035 |
|
|
|a (uuid)a3d66541-cc5f-4065-846e-f4e9e332e1a2
|
| 040 |
|
|
|a SNKBUCL
|b slo
|c SNKBUCL
|e AACR2
|
| 041 |
0 |
|
|a slo
|
| 044 |
|
|
|a xo
|c SK
|
| 080 |
|
|
|a 362.4(437.6):362.6(437.6)
|2 1981
|
| 080 |
|
|
|a 362.6(437.6)
|2 1981
|
| 100 |
1 |
|
|a Kondášová, Alica
|4 aut
|9 1080364
|
| 245 |
1 |
0 |
|a Analýza výsledkov prieskumu potreby sociálnych služieb pre zdravotne postihnutých a starších občanov
|c Alica Kondášová
|
| 300 |
|
|
|b Tab. 7, lit. 2 zázn. v slov.
|
| 650 |
0 |
7 |
|a zdravotne postihnuté osoby
|2 snkbucl
|9 1249
|
| 650 |
0 |
7 |
|a seniori
|2 snkbucl
|9 117453
|
| 650 |
0 |
7 |
|a sociálne služby
|2 snkbucl
|9 3721
|
| 655 |
|
7 |
|a články z novín a časopisov
|2 snkbucl
|9 267496
|
| 773 |
0 |
|
|t Práca a sociálna politika
|g Roč. 5, č. 7-8 (1997), s. 8-11
|x 1210-5643
|
| 850 |
|
|
|a Slovenská národná knižnica
|
| 852 |
|
|
|a Slovenská národná knižnica
|
| 954 |
|
|
|a odborná, vedecká literatúra pôvodná (slovenská)
|2 lita
|
| 958 |
|
|
|a article27
|
| 958 |
|
|
|a SK
|
| 958 |
|
|
|a RK
|
| 958 |
|
|
|a OND
|
| 958 |
|
|
|a EUIPO
|
| 999 |
|
|
|c 3345813
|d 3347743
|